Bioorganic Chemistry (Record no. 224463)
[ view plain ]
| 000 -LEADER | |
|---|---|
| fixed length control field | 00481nam a22001697a 4500 |
| 005 - DATE AND TIME OF LATEST TRANSACTION | |
| control field | 20230509105142.0 |
| 008 - FIXED-LENGTH DATA ELEMENTS--GENERAL INFORMATION | |
| fixed length control field | 220823b ||||| |||| 00| 0 eng d |
| 040 ## - CATALOGING SOURCE | |
| Transcribing agency | AL |
| 041 ## - LANGUAGE CODE | |
| Language code of text/sound track or separate title | eng |
| 082 ## - DEWEY DECIMAL CLASSIFICATION NUMBER | |
| Edition number | 23 |
| Classification number | 574.1921 |
| Item number | ROHJ |
| 100 ## - MAIN ENTRY--PERSONAL NAME | |
| Personal name | Rohr J |
| 9 (RLIN) | 55244 |
| 245 ## - TITLE STATEMENT | |
| Title | Bioorganic Chemistry |
| Remainder of title | Deoxysugars Polyketides and Related Classes Synthesis Biosynthesis Enzymes |
| 260 ## - PUBLICATION, DISTRIBUTION, ETC. | |
| Place of publication, distribution, etc. | New York |
| Name of publisher, distributor, etc. | Springer |
| Date of publication, distribution, etc. | 2000 |
| 300 ## - PHYSICAL DESCRIPTION | |
| Extent | 195p. |
| Other physical details | PB |
| Dimensions | 23x15cm. |
| 365 ## - TRADE PRICE | |
| Source of price type code | General |
| 942 ## - ADDED ENTRY ELEMENTS (KOHA) | |
| Source of classification or shelving scheme | Dewey Decimal Classification |
| Koha item type | Book |
| Withdrawn status | Lost status | Source of classification or shelving scheme | Damaged status | Not for loan | Collection code | Home library | Current library | Date acquired | Total Checkouts | Full call number | Barcode | Date last seen | Price effective from | Koha item type |
|---|---|---|---|---|---|---|---|---|---|---|---|---|---|---|
| Dewey Decimal Classification | Analytical Chemistry | St Aloysius PG Library | St Aloysius PG Library | 08/23/2022 | 574.1921 ROHJ | PG010457 | 08/23/2022 | 08/23/2022 | Book |